A t︠s︡vety ostai︠u︡tsi︠a︡-- : pʹesy /

Bibliographic Details
Main Author: Solodarʹ, T︠S︡ezarʹ
Format: Book
Language:Russian
Published: Moskva : "Iskusstvo", 1980.

MARC

Tag First Indicator Second Indicator Subfields
LEADER 00000cam a2200000 a 4500
001 in00001771521
005 20151025092534.0
008 810317s1980 ru a 000 d rusoc
035 |a (OCoLC)ocm07230817 
040 |a HLS  |c HLS  |d GZM  |d TXA  |d UtOrBLW 
042 |a pcc 
049 |a TXAM 
050 4 |a PG3488.O3897  |b A9 1980 
100 1 |a Solodarʹ, T︠S︡ezarʹ. 
245 1 2 |a A t︠s︡vety ostai︠u︡tsi︠a︡-- :  |b pʹesy /  |c T︠S︡ezarʹ Solodarʹ. 
264 1 |a Moskva :  |b "Iskusstvo",  |c 1980. 
300 |a 461 pages, 1 unnumbered leaf of plates :  |b illustrations ;  |c 18 cm. 
336 |a text  |b txt  |2 rdacontent 
337 |a unmediated  |b n  |2 rdamedia 
338 |a volume  |b nc  |2 rdacarrier 
505 0 |a V sirenevom sadu -- Li︠u︡bovʹ, direktor i kvartira -- Serebri︠a︡nai︠a︡ svadʹba -- Tvoĭ milyĭ obraz --A t︠s︡vety ostai︠u︡tsi︠a︡-- -- Blagorodnyĭ metall. 
948 |a cataloged  |b h  |c 2003/8/29  |d c  |e spoltoratski  |f 11:30:52 am 
994 |a E0  |b TXA 
999 |a MARS 
999 f f |s 0595f227-2a40-3211-91a5-840f577e6aed  |i 2e93196f-33ea-3a64-9968-88dab0f9495d  |t 0 
952 f f |p ric  |a Texas A&M University  |b Rellis Campus  |c Joint Library Facility  |d Remote Storage  |t 0  |e PG3488.O3897 A9 1980  |h Library of Congress classification  |i unmediated -- volume  |m A14830517880 
998 f f |a PG3488.O3897 A9 1980  |t 0  |l Remote Storage